<?xml version="1.0" encoding="UTF-8"?>
<record
    xmlns:xsi="http://www.w3.org/2001/XMLSchema-instance"
    xsi:schemaLocation="http://www.loc.gov/MARC21/slim http://www.loc.gov/standards/marcxml/schema/MARC21slim.xsd"
    xmlns="http://www.loc.gov/MARC21/slim">

  <leader>03815cam a2200337 a 4500</leader>
  <controlfield tag="001">17296447</controlfield>
  <controlfield tag="003">OSt</controlfield>
  <controlfield tag="005">20240823121318.0</controlfield>
  <controlfield tag="008">120510s2013    mouab    b    001 0 eng  </controlfield>
  <datafield tag="010" ind1=" " ind2=" ">
    <subfield code="a">  2012019193</subfield>
  </datafield>
  <datafield tag="020" ind1=" " ind2=" ">
    <subfield code="a">9780323075862 </subfield>
  </datafield>
  <datafield tag="035" ind1=" " ind2=" ">
    <subfield code="a">(DNLM)101583928</subfield>
  </datafield>
  <datafield tag="040" ind1=" " ind2=" ">
    <subfield code="a">DNLM/DLC</subfield>
    <subfield code="c">LC</subfield>
    <subfield code="d">DLC</subfield>
  </datafield>
  <datafield tag="042" ind1=" " ind2=" ">
    <subfield code="a">pcc</subfield>
  </datafield>
  <datafield tag="050" ind1="0" ind2="0">
    <subfield code="a">RC350.P48.N48</subfield>
  </datafield>
  <datafield tag="060" ind1="1" ind2="0">
    <subfield code="a">WL 140</subfield>
  </datafield>
  <datafield tag="082" ind1="0" ind2="0">
    <subfield code="a">616.8/0462</subfield>
    <subfield code="2">23</subfield>
  </datafield>
  <datafield tag="245" ind1="0" ind2="0">
    <subfield code="a">Umphred's neurological rehabilitation. /</subfield>
    <subfield code="c">[edited by] Darcy Umphred ... [et al.].</subfield>
  </datafield>
  <datafield tag="246" ind1="1" ind2=" ">
    <subfield code="a">Neurological rehabilitation</subfield>
  </datafield>
  <datafield tag="250" ind1=" " ind2=" ">
    <subfield code="a">6th ed.</subfield>
  </datafield>
  <datafield tag="260" ind1=" " ind2=" ">
    <subfield code="a">St. Louis, Mo. :</subfield>
    <subfield code="b">Elsevier/Mosby,</subfield>
    <subfield code="c">2013.</subfield>
  </datafield>
  <datafield tag="300" ind1=" " ind2=" ">
    <subfield code="a">xvii, 1262 p. :</subfield>
    <subfield code="b">ill., maps ;</subfield>
    <subfield code="c">29 cm.</subfield>
  </datafield>
  <datafield tag="500" ind1=" " ind2=" ">
    <subfield code="a">Rev. ed. of: Neurological rehabilitation / [edited by] Darcy A. Umphred ; with section editors, Gordon U. Burton, Rolando T. Lazaro, Margaret L. Roller. 5th ed. c2007.</subfield>
  </datafield>
  <datafield tag="504" ind1=" " ind2=" ">
    <subfield code="a">Includes bibliographical references and index.</subfield>
  </datafield>
  <datafield tag="505" ind1=" " ind2=" ">
    <subfield code="a">Contents: Foundations for clinical practice in neurological rehabilitation: Foundations for clinical practice -- Health and wellness: the beginning of the paradigm -- Movement analysis across the life span -- Contemporary issues and theories of motor control, motor learning and neuroplasticity -- The Limbic system: influence over motor control and learning --Psychosocial aspects of adaptation and adjustment during various phases of neurological disability -- Differential diagnosis phase 1: medical screening by the therapist -- Differential diagnosis phase 2: examination and evaluation of functional movement activities, body functions and structures and participation -- Interventions for clients with movement limitations -- Payment systems for services: documentation through the care continuum -- Rehabilitation management of clients with neurological system pathology:  Neonates and parents: neurodevelopmental perspectives in the neonatal intensive care unit and follow-up -- Management of clinical problems of children with cerebral palsy -- Genetic disorders: a pediatric perspective -- Learning disabilitites and developmental coordination disorder -- Spina Bifida: a congenital spinal cord injury -- Traumatic spinal cord injury -- Neuromuscular diseases -- Beyond the central nervous system: neurovascular entrapment syndromes -- Multiple sclerosis -- Basal ganglia disorders -- Movement dysfunction associated with cerebellar damage -- Balance and vestibular dysfunction -- Movement dysfunction associated with hemiplegia -- Traumatic brain injury -- Brain tumors -- Inflammatory and infectious disorders of the brain -- Aging, dementia and disorders of cognition -- Neurological disorders and applications issues: disorders of vision and visual-perceptual dysfunction -- Pelvic floor treatment of incontinence and other urinary dysfunctions in men and women -- Cardiovascular and pulmonary system health in populations with neurological disorders -- Human immunodeficiency virus infection: living with a chronic illness -- Pain management -- Electrophysiological testing and electrical stimulation in neurological rehabilitation -- Orthotics: evaluation, intervention and prescription -- Management of chronic impairments in individuals with nervous system conditions -- Impact of drug therapy on patients receiving neurological rehabilitation -- Use of medical imaging in neurorehabilitation -- Integrating technology into clinical practice in neurological rehabilitation -- Complementary and alternative therapies: beyond traditional approaches to intervention in neurological diseases and movement disorders -- </subfield>
  </datafield>
  <datafield tag="650" ind1="1" ind2="2">
    <subfield code="a">Nervous System Diseases</subfield>
    <subfield code="x">rehabilitation.</subfield>
    <subfield code="9">3007</subfield>
  </datafield>
  <datafield tag="700" ind1="1" ind2=" ">
    <subfield code="a">Umphred, Darcy Ann.</subfield>
    <subfield code="9">3008</subfield>
  </datafield>
  <datafield tag="730" ind1="0" ind2=" ">
    <subfield code="a">Neurological rehabilitation.</subfield>
    <subfield code="9">3009</subfield>
  </datafield>
  <datafield tag="906" ind1=" " ind2=" ">
    <subfield code="a">7</subfield>
    <subfield code="b">cbc</subfield>
    <subfield code="c">orignew</subfield>
    <subfield code="d">1</subfield>
    <subfield code="e">ecip</subfield>
    <subfield code="f">20</subfield>
    <subfield code="g">y-gencatlg</subfield>
  </datafield>
  <datafield tag="942" ind1=" " ind2=" ">
    <subfield code="2">lcc</subfield>
    <subfield code="c">BK</subfield>
  </datafield>
  <datafield tag="999" ind1=" " ind2=" ">
    <subfield code="c">10382</subfield>
    <subfield code="d">17882</subfield>
  </datafield>
  <datafield tag="952" ind1=" " ind2=" ">
    <subfield code="0">0</subfield>
    <subfield code="1">0</subfield>
    <subfield code="2">lcc</subfield>
    <subfield code="4">0</subfield>
    <subfield code="7">0</subfield>
    <subfield code="a">WIUC-KL</subfield>
    <subfield code="b">WIUC-KL</subfield>
    <subfield code="c">NURS L.</subfield>
    <subfield code="d">2024-08-20</subfield>
    <subfield code="l">0</subfield>
    <subfield code="o">RC350.P48.N48(6e)</subfield>
    <subfield code="p">KSN/1323/064/24</subfield>
    <subfield code="r">2024-08-23 00:00:00</subfield>
    <subfield code="t">1</subfield>
    <subfield code="w">2024-08-23</subfield>
    <subfield code="y">BK</subfield>
  </datafield>
  <datafield tag="952" ind1=" " ind2=" ">
    <subfield code="0">0</subfield>
    <subfield code="1">0</subfield>
    <subfield code="2">lcc</subfield>
    <subfield code="4">0</subfield>
    <subfield code="7">0</subfield>
    <subfield code="a">WIUC-KL</subfield>
    <subfield code="b">WIUC-KL</subfield>
    <subfield code="c">NURS L.</subfield>
    <subfield code="d">2024-08-20</subfield>
    <subfield code="l">0</subfield>
    <subfield code="o">RC350.P48.N481(6e)</subfield>
    <subfield code="p">KSN/1324/065/24</subfield>
    <subfield code="r">2024-08-23 00:00:00</subfield>
    <subfield code="t">2</subfield>
    <subfield code="w">2024-08-23</subfield>
    <subfield code="y">BK</subfield>
  </datafield>
  <datafield tag="952" ind1=" " ind2=" ">
    <subfield code="0">0</subfield>
    <subfield code="1">0</subfield>
    <subfield code="2">lcc</subfield>
    <subfield code="4">0</subfield>
    <subfield code="7">0</subfield>
    <subfield code="a">WIUC-KL</subfield>
    <subfield code="b">WIUC-KL</subfield>
    <subfield code="c">NURS L.</subfield>
    <subfield code="d">2024-08-20</subfield>
    <subfield code="l">0</subfield>
    <subfield code="o">RC350.P48.N482(6e)</subfield>
    <subfield code="p">KSN/1325/066/24</subfield>
    <subfield code="r">2024-08-23 00:00:00</subfield>
    <subfield code="t">3</subfield>
    <subfield code="w">2024-08-23</subfield>
    <subfield code="y">BK</subfield>
  </datafield>
  <datafield tag="952" ind1=" " ind2=" ">
    <subfield code="0">0</subfield>
    <subfield code="1">0</subfield>
    <subfield code="2">lcc</subfield>
    <subfield code="4">0</subfield>
    <subfield code="7">0</subfield>
    <subfield code="a">WIUC-KL</subfield>
    <subfield code="b">WIUC-KL</subfield>
    <subfield code="c">NURS L.</subfield>
    <subfield code="d">2024-08-20</subfield>
    <subfield code="l">0</subfield>
    <subfield code="o">RC350.P48.N483(6e)</subfield>
    <subfield code="p">KSN/1326/067/24</subfield>
    <subfield code="r">2024-08-23 00:00:00</subfield>
    <subfield code="t">4</subfield>
    <subfield code="w">2024-08-23</subfield>
    <subfield code="y">BK</subfield>
  </datafield>
  <datafield tag="952" ind1=" " ind2=" ">
    <subfield code="0">0</subfield>
    <subfield code="1">0</subfield>
    <subfield code="2">lcc</subfield>
    <subfield code="4">0</subfield>
    <subfield code="7">0</subfield>
    <subfield code="a">WIUC-KL</subfield>
    <subfield code="b">WIUC-KL</subfield>
    <subfield code="c">NURS L.</subfield>
    <subfield code="d">2024-08-20</subfield>
    <subfield code="l">0</subfield>
    <subfield code="o">RC350.P48.N484(6e)</subfield>
    <subfield code="p">KSN/1327/068/24</subfield>
    <subfield code="r">2024-08-23 00:00:00</subfield>
    <subfield code="t">5</subfield>
    <subfield code="w">2024-08-23</subfield>
    <subfield code="y">BK</subfield>
  </datafield>
  <datafield tag="952" ind1=" " ind2=" ">
    <subfield code="0">0</subfield>
    <subfield code="1">0</subfield>
    <subfield code="2">lcc</subfield>
    <subfield code="4">0</subfield>
    <subfield code="7">0</subfield>
    <subfield code="a">WIUC-KL</subfield>
    <subfield code="b">WIUC-KL</subfield>
    <subfield code="c">NURS L.</subfield>
    <subfield code="d">2024-08-20</subfield>
    <subfield code="l">0</subfield>
    <subfield code="o">RC350.P48.N485(6e)</subfield>
    <subfield code="p">KSN/1328/069/24</subfield>
    <subfield code="r">2024-08-23 00:00:00</subfield>
    <subfield code="t">6</subfield>
    <subfield code="w">2024-08-23</subfield>
    <subfield code="y">BK</subfield>
  </datafield>
</record>
